| 000 | 00358nam a22001451a 4500 | ||
|---|---|---|---|
| 082 |
_aH 808.1 _bBHA/N |
||
| 100 | _aBhagirath Mishra | ||
| 245 |
_aNaya kavya shastra/ _cby Bhagirath Mishra |
||
| 260 |
_aVaranasi: _bVishwavidyalaya, _c1993. |
||
| 300 | _a178p. | ||
| 650 | _aLiterature Hindi | ||
| 650 | _aPoetics Hindi | ||
| 650 | _aLiterature | ||
| 942 | _cBK | ||
| 999 |
_c30922 _d30922 |
||